| 000 | 00651nam a2200205Ia 4500 | ||
|---|---|---|---|
| 003 | IN-BaIIA | ||
| 008 | 211028s9999 xx 000 0 eng d | ||
| 020 | _a978-0-7864-3178-6 | ||
| 040 | _cIIA Library | ||
| 080 |
_a52:737.1 _bFAI |
||
| 100 |
_aFaintich, Marshall _932005 |
||
| 245 | 0 |
_aAstronomical symbols on ancient and medieval coins _cMarshall Faintich |
|
| 260 |
_aLondon _bMcFarland _c2008 |
||
| 300 | _avi, 225p. | ||
| 650 |
_aAstronomy in numismatics _932006 |
||
| 650 |
_aCoins, ancient _932007 |
||
| 650 |
_aNumismatics, ancient _932008 |
||
| 650 |
_aNumismatics, medieval _932009 |
||
| 942 | _cBK | ||
| 999 |
_c17032 _d17032 |
||